| 000 | 00528nam a2200169Ia 4500 | ||
|---|---|---|---|
| 999 |
_c21135 _d21135 |
||
| 003 | OSt | ||
| 005 | 20200603101845.0 | ||
| 008 | 190216s9999||||xx |||||||||||||| ||und|| | ||
| 020 | _a9798184240022 | ||
| 040 | _coclc | ||
| 082 |
_a323.0954 _bMOT/H |
||
| 100 |
_a Motilal, Shashi _92498 |
||
| 245 | 0 |
_aHuman Rights,Gender And Environment / _cShashi Motilal ; Bijayalaxmi Nanda |
|
| 260 |
_bAllied Publications, _aNew Delhi: _c2006. |
||
| 300 | _a345p | ||
| 942 |
_cBK _2ddc _h323.0954 _iMOT/H _k323.0954 _mMOT/H |
||